|
|
|
|
| LEADER |
00000nas a2200000 a 4500 |
| 001 |
ssj0015144 |
| 003 |
WaSeSS |
| 005 |
20200512172242.0 |
| 006 |
m d |
| 007 |
cr n |
| 008 |
020628d20002002ohuqr pss 0 a0eng c |
| 010 |
|
|
|a 2002213654
|z 2001229101
|
| 022 |
|
|
|a 1540-594X
|l 1537-4726
|y 1537-4726
|
| 035 |
|
|
|a (WaSeSS)ssj0015144
|
| 040 |
|
|
|a NSD
|b eng
|c NSD
|d TXA
|d OCLCQ
|d NSD
|d DLC
|d OCLCQ
|d UQ1
|d DLC
|d OCLCQ
|d DLC
|d OCLCQ
|d OCLCF
|d OCLCO
|d OCLCQ
|d OCLCO
|d AU@
|d NJT
|d VT2
|d WaSeSS
|
| 042 |
|
|
|a nsdp
|a pcc
|
| 043 |
|
|
|a n-us---
|
| 050 |
1 |
4 |
|a E169.1
|b .J7
|
| 082 |
1 |
0 |
|a 973
|2 13
|
| 130 |
0 |
|
|a Journal of American & comparative cultures (Online)
|
| 210 |
0 |
|
|a J. Am. comp. cult.
|b (Online)
|
| 222 |
|
0 |
|a Journal of American & comparative cultures
|b (Online)
|
| 245 |
1 |
0 |
|a Journal of American & comparative cultures
|h [electronic resource].
|
| 246 |
1 |
|
|i Also known as:
|a JACC
|
| 246 |
3 |
|
|a Journal of American and comparative cultures
|
| 260 |
|
|
|a Bowling Green, OH :
|b American Culture Association,
|c [2000-2002]
|
| 310 |
|
|
|a Quarterly
|
| 362 |
0 |
|
|a Vol. 23, issue 1 (spring 2000)-v. 25, issue 3/4 (fall 2002).
|
| 500 |
|
|
|a Title from issue table of contents (EbscoHost Website, viewed Oct. 30, 2003).
|
| 506 |
|
|
|a License restrictions may limit access.
|
| 538 |
|
|
|a Mode of access: World Wide Web.
|
| 550 |
|
|
|a Official publication of the American Culture Association.
|
| 650 |
|
0 |
|a Popular culture
|z United States
|v Periodicals.
|
| 650 |
|
7 |
|a Civilization.
|2 fast
|0 (OCoLC)fst00862898
|
| 650 |
|
7 |
|a Popular culture.
|2 fast
|0 (OCoLC)fst01071344
|
| 650 |
|
7 |
|a Américanité
|2 rasuqam
|
| 650 |
|
7 |
|a Art américain.
|2 rasuqam
|
| 650 |
|
7 |
|a Civilisation.
|2 rasuqam
|
| 650 |
1 |
7 |
|a Culture américaine.
|2 rasuqam
|
| 650 |
|
7 |
|a Culture populaire.
|2 rasuqam
|
| 650 |
|
7 |
|a Histoire.
|2 rasuqam
|
| 650 |
|
7 |
|a Littérature américaine.
|2 rasuqam
|
| 651 |
|
0 |
|a United States
|x Civilization
|v Periodicals.
|
| 651 |
|
7 |
|a United States.
|2 fast
|0 (OCoLC)fst01204155
|
| 651 |
|
7 |
|a États-Unis.
|2 rasuqam
|
| 655 |
|
0 |
|a Electronic journals.
|
| 710 |
2 |
|
|a American Culture Association.
|
| 776 |
0 |
8 |
|i Print version:
|t Journal of American & comparative cultures
|x 1537-4726
|w (DLC) 2001229101
|w (OCoLC)48010407
|
| 780 |
0 |
0 |
|t Journal of American culture (Online)
|x 2162-5735
|w (DLC) 2003263135
|w (OCoLC)39081280
|
| 785 |
0 |
0 |
|t Journal of American culture (Malden, Mass. : 2003 : Online)
|x 1542-734X
|w (DLC) 2002213896
|w (OCoLC)51142671
|
| 856 |
4 |
0 |
|z Full text available from Research Library: Spring 2000 to Winter 2002
|u https://search.proquest.com/publication/29587
|